Воспитание познавательной самостоятельности студентов; Современное образование: традиции и новации

书目详细资料
Parent link:Современное образование: традиции и новации.— 2006.— [С. 12-13]
主要作者: Тарбокова Т. В. Татьяна Васильевна
总结:Заглавие с экрана
语言:俄语
出版: 2006
主题:
在线阅读:https://lib.tusur.ru/irbis-new/i64r_15/cgiirbis_64.exe?LNG=&C21COM=F&I21DBN=LIB_READER&P21DBN=LIB&Z21ID=&Image_file_name=%5Cfulltext%5Cconf2x%5C2006%5Ftarbokova%5F171106%2Epdf&mfn=3298&FT_REQUEST=&CODE=9999&PAGE=1
格式: MixedMaterials 电子 图书
KOHA link:https://koha.lib.tpu.ru/cgi-bin/koha/opac-detail.pl?biblionumber=669514

MARC

LEADER 00000nam0a2200000 4500
001 669514
005 20251117132839.0
035 |a (RuTPU)RU\TPU\network\40766 
035 |a RU\TPU\tpu\25176 
090 |a 669514 
100 |a 20230620d2006 k y0rusy50 ca 
101 0 |a rus 
102 |a RU 
135 |a drnn ---uucaa 
181 0 |a i  
182 0 |a b 
200 1 |a Воспитание познавательной самостоятельности студентов  |f Т. В. Тарбокова 
203 |a Текст  |c электронный 
300 |a Заглавие с экрана 
320 |a [Библиогр.: 1 назв.] 
463 |t Современное образование: традиции и новации  |o материалы Всероссийской научно-методической конференции (2-3 февраля 2006 года ; Томск)  |v [С. 12-13]  |d 2006 
610 1 |a труды учёных ТПУ 
610 1 |a электронный ресурс 
700 1 |a Тарбокова  |b Т. В.  |c математик  |c доцент Томского политехнического университета, кандидат педагогических наук  |f 1947-  |g Татьяна Васильевна  |3 (RuTPU)RU\TPU\pers\27706  |9 12780 
801 1 |a RU  |b 63413507  |c 20140519 
801 2 |a RU  |b 63413507  |c 20230620  |g RCR 
856 4 0 |u https://lib.tusur.ru/irbis-new/i64r_15/cgiirbis_64.exe?LNG=&C21COM=F&I21DBN=LIB_READER&P21DBN=LIB&Z21ID=&Image_file_name=%5Cfulltext%5Cconf2x%5C2006%5Ftarbokova%5F171106%2Epdf&mfn=3298&FT_REQUEST=&CODE=9999&PAGE=1 
942 |c CF